1674 1803 1715 1097 1127 1731 1150 1462 1940 1671 1670 1818 1939 1819 1776 1980 1884 1567 1980 1372 1511 1657 1886 1606 1955 1276 1025 1112 1966 1513 1456 1190 1274 1939 1421 1360 1413 1594 1136 1123 1476 1716 1493 1467 1759 1200 1473 1555 1148 1001 1805 1502 1379 1516 1295 1606 1038 1273 1149 1991 1720 1123 1582 1941 1173 1300 1304 1195 1897 1197 1350 1964 1124 1920 1976 1182 1100 1890 1984 1413 1773 1134 1514 1759 1040 1604 1760 1779 1803 1158 1608 1474 1646 1390 1193 1787 1516 1042 1250 BCNSPRNW ULIB Ver.6.0+V

เปลี่ยนเป็นภาษาไทย

Change to English
 แสดงรายละเอียดบรรณานุกรม
  กลับหน้าหลัก

Brief Record : Get Marc (ISO 2709) : E-mail record : QR code < ปิดหน้าต่าง
LEADER : 00000nam 2200000uu 4500
001    13399113073
003     ULIB
008    110923s2552||||th 000 0 tha d
020    9786167013008
050 04 PE1131.T5^bอ382อ 2552
100 0  อรสิริ วิมลธรรม
245 10 อยากให้ลูกเก่งภาษาอังกฤษต้องมีวิธีสอน /^cอรสิริ วิมลธรรม
260    กรุงเทพฯ :^bMINIBEAR,^c2552
300    263 หน้า ;^c21 ซม
505 2  สอนให้ลูกรู้จักภาษา (พูด) --สอนให้ลูกเรียนรู้และเข้าใจเมื่อต้องห่างไกลจากพ่อแม่ -- แม่ช่วยได้...ไม่ให้ลูกก้าวร้าว -- ลูกเรียนจากนิทาน -- แม่ซีเรียส...เรื่องซีเรียล -- สอนลูกให้จำง่าย -- ลูกถนัดซ้ายหรือขวาดีกว่ากัน -- เด็กกลัวการเข้าสังคม...แก้ไขได้ด้วยวิธีใดบ้าง -- สอนลูกให้ไม่กลัว -- สอนลูกเข้าสังคม -- ผลร้ายจากการตามใจลูก -- ทีวี...ภัยร้ายที่ (อาจ) ทำลายพัฒนาการของลูก -- การพัฒนาสมองกับอุบัติเหตุ -- ของเล่นดีๆ ช่วยทำให้ลูกสมองดีได้ -- ลูกคิด...ช่วยให้ลูกหัดคิดหัดเรียนรู้ -- สอนเรื่องการเกิดให้ลูกเข้าใจ -- สังเกตลูกว่าเป็นเด็กออทิสติกหรือไม่ -- ให้ลูกเล่นอินเตอร์เน็ตได้อย่างปลอดภัย สบายใจพ่อแม่ -- พาลูกให้ใกล้ชิดธรรมชาติอย่างมีความสุข -- ดนตรีคลาสสิก...ช่วยสร้างพัฒนาการที่ดีให้แก่ลูก -- อุบัติเหตุที่ (อาจ) เกิดขึ้นได้กับลูกน้อย -- ความภูมิใจของคนเป็นแม่ -- ให้ลูกเล่นกับเด็กโตกว่า ทำให้ลูกมีพัฒนาการที่ดีขึ้น -- ฝึกลูกให้พูดภาษาไทยให้ชัดเจนและถูกต้อง -- พาลูกดูข่าว -- สอนลูกให้รักสัตว์และเลือกสิ่งของด้วยตัวเอง -- เลือกของเล่นให้ลูก -- โยคะสำหรับลูกน้อย -- เด็กเก่งและฉลาดมีลักษณะอย่างไร
650  7 ภาษาอังกฤษ^xการศึกษาและการสอน
650  7 เด็ก^xภาษา
650  7 เด็ก^xการเลี้ยงดู
650  7 จิตวิทยาพัฒนาการ
945    ^p195^l0^i027359
945    ^p195^l0^i027360
995    ทศพร
999 ^a ศิริพร
รายการนี้ยังไม่มีแท็ก
คุณยังไม่ได้ล็อกอิน คุณสามารถมีกิจกรรมร่วมกับเว็บไซต์ได้ แต่ต้องล็อกอินก่อน ::
  ล็อกอิน

รายการสื่อสารสนเทศ

ลำดับที่ ประเภท เลขเรียก/บาร์โค้ด สถานที่ สถานะ
- ไม่พบข้อมูล -

รายการใกล้เคียง
    หัวเรื่อง [ภาษาอังกฤษ การศึกษาและการสอน]
    หัวเรื่อง [จิตวิทยาพัฒนาการ]

BibComment


ยังไม่เคยถูกคอมเมนท์

คอมเมนท์ทรัพยากรรายการนี้
  คอมเมนท์: อยากให้ลูกเก่งภาษ..


 Copyright 2026. Bcnsprnw @Library